Guía completa de escalada
Guardat en:
| Autor principal: | |
|---|---|
| Format: | Llibre |
| Idioma: | espanyol |
| Publicat: |
Badalona
Paidotribo
2009
|
| Edició: | 1a. ed |
| Matèries: | |
| Etiquetes: |
Afegir etiqueta
Sense etiquetes, Sigues el primer a etiquetar aquest registre!
|
MARC
| LEADER | 00000nam a2200000 a 4500 | ||
|---|---|---|---|
| 001 | UCG3400 | ||
| 003 | CL-VaPUC | ||
| 008 | 100826e20090000sp |||||||||||||||||spa|d | ||
| 020 | |a 9788480191289 | ||
| 082 | 0 | 4 | |a 796.522 |b HIL |2 21 |
| 100 | 0 | |a Hill, Pete |e author |9 552515 | |
| 245 | 1 | 0 | |a Guía completa de escalada |
| 250 | |a 1a. ed | ||
| 300 | |a 246 p | ||
| 942 | |c BK | ||
| 945 | |d 20100826 00:00:00 |a mfarfan | ||
| 260 | |a Badalona |b Paidotribo |c 2009 | ||
| 650 | 7 | |a ESCALADA |2 CL-VaPUC |9 552291 | |
| 650 | 7 | |a ENTRENAMIENTO FISICO |2 CL-VaPUC |9 307393 | |
| 650 | 0 | |a Actividad física |9 362156 | |
| 650 | 7 | |a DEPORTE |2 CL-VaPUC |9 552516 | |
| 650 | 7 | |a MONTAÑISMO |2 CL-VaPUC |9 384709 | |
| 583 | |a last modification |c 20171130 06:46:44 |k Rodrigo Vera | ||
| 999 | |c 342468 |d 342466 | ||
| 952 | |0 0 |1 0 |4 0 |6 796_522000000000000_HIL_2009 |7 0 |8 C |9 438676 |a BIBCUR |b BIBCUR |d 2019-11-22 |i 4712560 |o 796.522 HIL 2009 |p 4712560 |r 2025-04-22 |w 2019-11-22 |y BK |k DEN | ||
| 952 | |0 0 |1 0 |4 0 |6 796_522000000000000_HIL_2009 |7 0 |8 A |9 438677 |a BIBEDU |b BIBEDU |d 2019-11-22 |i 4733010 |l 1 |o 796.522 HIL 2009 |p 4733010 |r 2023-03-01 |s 2023-01-24 |w 2019-11-22 |y BK |k EFI | ||